LEADER 00965nam a2200241 a 4500 001 000000121718 003 CaOOAMICUS 005 20100512132337.0 008 100512s1956 it u000 u ita r 040 $aPUL$bita$dMCT 100 1 $aFerranti, Ferrante.$0(OLS)http://pul/name/75702 245 10$aMateria e spirito nel mistero universale /$cFerrante Ferranti. 260 $aGenova :$bDi Stefano,$c1956. 300 $a208 p. ;$c24 cm 504 $aBibliografia in nota. 650 4$aUomo (filosofia)$xStudi.$0(OLS)http://pul/subject/15994 650 4$aSpirito (filosofia).$0(OLS)http://pul/subject/17020 850 $aPUL 852 $aPUL$W1$xDP1 Filosofia 1$y19$m590 G 11$j139704$qStampati$B138894$CPULBib$Z2$F138894 $82 941 1 $a8 961 $aTimbro: Ex libris Francisci card. Roberti n. 432. 996 $6245$aMateria e spirito nel mistero universale$9(OLS)http://pul/title/153136 996 $6260$aGenova :$bDi Stefano$9(OLS)http://pul/publisher/68751 LEADER 01273nam a2200277 a 4500 001 000000164755 003 CaOOAMICUS 005 20171201112929.0 008 171201s1947 it a m u001 u eng r 032 $aLibriCat 040 $aPUL$bita 100 1 $aThaninayagam, Xavier Stanislaus.$0(OLS)http://pul/name/105997 245 14$aThe Carthaginian clergy during the episcopate of saint Cyprian /$cby the rev. father Xavier Stanislaus Thaninayagam. 260 $a[S.l. :$bs.n.],$c1947. 300 $axviii, 112 p. :$bill. ;$c22 cm. 502 $aTesi. Pontificium Athenaeum Urbanianum. 1947. 504 $aBibliografia in nota a pič pagina. 600 04$aCyprianus,$cs., vesc. di Cartagine,$dc. 200-258.$0(OLS)http://pul/subject/1655 710 2 $aPontificium Athenaeum Urbanianum.$kTesi.$0(OLS)http://pul/name/105989 850 $aPUL 852 $aPUL$W1$xDP1 Tesi Pon. Univ. Urbaniana$y49$mTH URB 27$j188928$qTesi$B192069$CPULBib$Z2$F192069 $H13210 $82 941 1 $a16 960 $aCipriano,$cs., vesc. di Cartagine,$dc. 200-258$91655 996 $6245$aThe Carthaginian clergy during the episcopate of saint Cyprian$9(OLS)http://pul/title/204440 996 $6260$a[S.l. :$bs.n.]$9(OLS)http://pul/publisher/81594